[Event "FRA-ch U20"]
[Site "Aix les Bains"]
[Date "2009.04.23"]
[Round "6"]
[White "Dolz, Elisabeth"]
[Black "Scalia, Jerome"]
[Result "0-1"]
[WhiteElo "1718"]
[BlackElo "1833"]
[PlyCount "86"]
[EventDate "2009.04.19"]
[EventType "swiss"]
[EventRounds "9"]
[EventCountry "FRA"]
[SourceTitle "CBM 130 Extra"]
[Source "ChessBase"]
[SourceDate "2009.07.02"]
[SourceVersion "2"]
[SourceVersionDate "2009.07.15"]
[SourceQuality "1"]

1. e4 c5 2. Nc3 Nc6 3. g3 g6 4. Bg2 Bg7 5. d3 e6 6. f4 Nge7 7. Nf3 d5 8. 0-0 0-0 9. Bd2 b5 10. Qe2 Nd4 11. Nxd4 Bxd4+ 12. Be3 Bxe3+ 13. Qxe3 d4 14. Qd2 dxc3 15. Qxc3 Qd4+ 16. Qxd4 cxd4 17. a4 b4 18. a5 Rb8 19. Rfc1 Ba6 20. c4 dxc3 21. bxc3 b3 22. Rd1 b2 23. Rab1 Rfd8 24. d4 Rb3 25. Rd2 Rxc3 26. Rbxb2 Rc4 27. d5 exd5 28. exd5 Nf5 29. Kf2 Nd6 30. Rdc2 Kf8 31. Rxc4 Bxc4 32. Rc2 Re8 33. Bf3 Rb8 34. Be2 Bxd5 35. Rc7 Rb7 36. Rxb7 Nxb7 37. a6 Nc5 38. g4 Be6 39. Kg3 Bc8 40. h4 Bxa6 41. Bd1 Bc4 42. Bc2 a5 43. h5 a4 0-1

[Event "FRA-ch U20"]
[Site "Aix les Bains"]
[Date "2009.04.20"]
[Round "2"]
[White "Grimmer, Jonathan"]
[Black "Dolz, Elisabeth"]
[Result "1-0"]
[WhiteElo "1875"]
[BlackElo "1718"]
[PlyCount "75"]
[EventDate "2009.04.19"]
[EventType "swiss"]
[EventRounds "9"]
[EventCountry "FRA"]
[SourceTitle "CBM 130 Extra"]
[Source "ChessBase"]
[SourceDate "2009.07.02"]
[SourceVersion "2"]
[SourceVersionDate "2009.07.15"]
[SourceQuality "1"]

1. d4 Nf6 2. Nf3 g6 3. Nbd2 Bg7 4. e4 d6 5. Bd3 Nbd7 6. 0-0 0-0 7. Re1 e5 8. c3 c5 9. dxe5 Nxe5 10. Nxe5 dxe5 11. Nc4 Qc7 12. a4 Be6 13. Qe2 b6 14. f3 Nh5 15. g3 f5 16. exf5 Bxf5 17. Bxf5 gxf5 18. Nxe5 Qxe5 19. Qxe5 Bxe5 20. Rxe5 Rae8 21. Rxe8 Rxe8 22. Kf2 Kf7 23. a5 b5 24. Be3 Rc8 25. a6 Nf6 26. Ra5 b4 27. Rxc5 Rxc5 28. Bxc5 bxc3 29. bxc3 Nd5 30. Bxa7 Nc7 31. Ke3 Nxa6 32. Kd4 Nc7 33. Ke5 Kg6 34. c4 Na6 35. c5 Nb4 36. Kd6 Kg5 37. c6 Na6 38. Be3+ 1-0

[Event "FRA-ch U20"]
[Site "Aix les Bains"]
[Date "2009.04.19"]
[Round "1"]
[White "Dolz, Elisabeth"]
[Black "Le Bail, Clara"]
[Result "0-1"]
[WhiteElo "1718"]
[BlackElo "2048"]
[PlyCount "90"]
[EventDate "2009.04.19"]
[EventType "swiss"]
[EventRounds "9"]
[EventCountry "FRA"]
[SourceTitle "CBM 130 Extra"]
[Source "ChessBase"]
[SourceDate "2009.07.02"]
[SourceVersion "2"]
[SourceVersionDate "2009.07.15"]
[SourceQuality "1"]

1. e4 e6 2. d4 d5 3. exd5 exd5 4. Nc3 c6 5. Bd3 Bd6 6. Bd2 Nf6 7. Qe2+ Qe7 8. 0-0-0 Qxe2 9. Ngxe2 Bg4 10. Rde1 0-0 11. f3 Bh5 12. Nf4 Nbd7 13. g4 Bg6 14. Nxg6 hxg6 15. Ne2 Rfe8 16. Nf4 Nf8 17. h4 Rxe1+ 18. Rxe1 Re8 19. Rxe8 Nxe8 20. h5 gxh5 21. Nxh5 Ne6 22. g5 Nxd4 23. f4 Nf3 24. Be3 d4 25. Bf2 g6 26. Nf6+ Nxf6 27. gxf6 Bxf4+ 28. Kd1 Be5 29. Be2 Ng5 30. Bh4 Bxf6 31. Bg3 Kf8 32. Bb8 a6 33. Bg4 Ne6 34. Kd2 Bg5+ 35. Kd3 f5 36. Bh3 Ke7 37. c3 dxc3 38. Kxc3 Bf6+ 39. Kc2 Nd4+ 40. Kd1 g5 41. b4 Ke6 42. a4 g4 43. Bf1 Be5 44. Ba7 f4 45. Kd2 Kd5 0-1

[Event "FRA-ch U20 Girls"]
[Site "La Roche sur Yon"]
[Date "2008.04.25"]
[Round "6"]
[White "Dolz, Elisabeth"]
[Black "Mehiaoui, Dounia"]
[Result "1/2-1/2"]
[WhiteElo "1710"]
[BlackElo "1855"]
[PlyCount "165"]
[EventDate "2008.04.21"]
[EventType "tourn"]
[EventRounds "9"]
[EventCountry "FRA"]
[SourceTitle "EXT 2010"]
[Source "ChessBase"]
[SourceDate "2010.11.25"]
[SourceVersion "1"]
[SourceVersionDate "2010.11.25"]
[SourceQuality "1"]

1. e4 e5 2. Nf3 Nc6 3. Bb5 a6 4. Ba4 Nf6 5. 0-0 Be7 6. Re1 b5 7. Bb3 d6 8. h3 Na5 9. c3 Nxb3 10. Qxb3 0-0 11. d4 exd4 12. cxd4 Bb7 13. Nc3 d5 14. Bg5 dxe4 15. Bxf6 Bxf6 16. Nxe4 Be7 17. Rad1 Bd5 18. Qc2 Bb4 19. Nfd2 Kh8 20. a3 Ba5 21. b4 Bb6 22. Nc5 c6 23. Qd3 Re8 24. Nf3 Rxe1+ 25. Rxe1 h6 26. Ne5 Qg5 27. Ne4 Qf5 28. Nc5 Qxd3 29. Nexd3 a5 30. Ra1 axb4 31. Nxb4 Rd8 32. a4 Ra8 33. Nxd5 cxd5 34. Rb1 Bxc5 35. dxc5 bxa4 36. c6 Rc8 37. Rb4 Rxc6 38. Rxa4 Rc1+ 39. Kh2 Rd1 40. Kg3 d4 41. Kf3 Rd2 42. Ra8+ Kh7 43. Re8 f5 44. Re2 Rd1 45. Rb2 d3 46. Ke3 f4+ 47. Kxf4 Rc1 48. Ke3 Rg1 49. g3 Rh1 50. h4 Ra1 51. Kxd3 Kg6 52. g4 Ra3+ 53. Ke4 Ra4+ 54. Kf3 Kf6 55. Rb6+ Kf7 56. Rb5 g6 57. h5 g5 58. Rf5+ Kg7 59. Kg3 Ra3+ 60. Kg2 Ra2 61. Kf1 Ra1+ 62. Ke2 Ra2+ 63. Kd3 Ra3+ 64. Kc4 Ra4+ 65. Kd5 Ra5+ 66. Ke6 Ra6+ 67. Kd7 Ra7+ 68. Kc6 Ra6+ 69. Kb5 Re6 70. Kc5 Re4 71. f3 Re6 72. Kd5 Ra6 73. Ke5 Ra5+ 74. Ke6 Ra6+ 75. Ke7 Ra7+ 76. Ke6 Rb7 77. Ke5 Re7+ 78. Kd6 Re3 79. Kd5 Ra3 80. Ke6 Ra7 81. Ke5 Ra6 82. Kd5 Rb6 83. Ke5 1/2-1/2

[Event "FRA-ch U20 Girls"]
[Site "La Roche sur Yon"]
[Date "2008.04.23"]
[Round "4"]
[White "Dolz, Elisabeth"]
[Black "Choisy, Mathilde"]
[Result "1/2-1/2"]
[WhiteElo "1710"]
[BlackElo "2094"]
[PlyCount "53"]
[EventDate "2008.04.21"]
[EventType "tourn"]
[EventRounds "9"]
[EventCountry "FRA"]
[SourceTitle "EXT 2010"]
[Source "ChessBase"]
[SourceDate "2010.11.25"]
[SourceVersion "1"]
[SourceVersionDate "2010.11.25"]
[SourceQuality "1"]

1. e4 e5 2. Nf3 Nc6 3. Nc3 Nf6 4. d4 d6 5. Bb5 Bd7 6. d5 Nb8 7. Be2 Be7 8. h3 0-0 9. Be3 Kh8 10. Nh2 Ng8 11. g4 Bg5 12. Qd3 Qf6 13. 0-0-0 Na6 14. Kb1 Bxe3 15. fxe3 Nc5 16. Qd2 Qg6 17. Bd3 Nf6 18. Qg2 Nxd3 19. Rxd3 b5 20. h4 h6 21. g5 b4 22. Qf2 Nxe4 23. Nxe4 Qxe4 24. Rdd1 h5 25. Rhg1 a5 26. Nf1 Qc4 27. Ng3 1/2-1/2

[Event "FRA-ch U20 Girls"]
[Site "La Roche sur Yon"]
[Date "2008.04.21"]
[Round "1"]
[White "Belloc, Sidonie"]
[Black "Dolz, Elisabeth"]
[Result "1/2-1/2"]
[WhiteElo "1789"]
[BlackElo "1710"]
[PlyCount "47"]
[EventDate "2008.04.21"]
[EventType "tourn"]
[EventRounds "9"]
[EventCountry "FRA"]
[SourceTitle "EXT 2010"]
[Source "ChessBase"]
[SourceDate "2010.11.25"]
[SourceVersion "1"]
[SourceVersionDate "2010.11.25"]
[SourceQuality "1"]

1. e4 e5 2. Nf3 Nc6 3. d4 Nxd4 4. Nxe5 Bc5 5. c3 Nc6 6. Nxc6 bxc6 7. Qf3 Qf6 8. Qxf6 Nxf6 9. Bd3 0-0 10. 0-0 d5 11. Nd2 Re8 12. exd5 cxd5 13. Nb3 Bb6 14. Bf4 Bd7 15. Rac1 c5 16. c4 d4 17. Rfe1 a5 18. Bd6 Rxe1+ 19. Rxe1 Rc8 20. Re5 Ng4 21. Re7 Nf6 22. Re5 Ng4 23. Re7 Nf6 24. Re5 1/2-1/2